Customer to be crowned king. (Record no. 60938)

MARC details
000 -LEADER
fixed length control field 00835cam a2200193 4500
001 - CONTROL NUMBER
control field ABS61226
008 - FIXED-LENGTH DATA ELEMENTS--GENERAL INFORMATION
fixed length control field 000000n1999 000 0 eng u
035 ## - SYSTEM CONTROL NUMBER
System control number (Sirsi) u101826
100 ## - MAIN ENTRY--PERSONAL NAME
Personal name Hoare, S.
245 ## - TITLE STATEMENT
Title Customer to be crowned king.
260 ## - PUBLICATION, DISTRIBUTION, ETC.
Date of publication, distribution, etc. 1999
490 ## - SERIES STATEMENT
Series statement House Builder
Volume/sequential designation 58(8) September 1999, 30-32(3)
520 ## - SUMMARY, ETC.
Summary, etc. Describes schemes to improve customer care in housebuilding, used by Wimpey, Beazer and Persimmon. Sponsored by the National House-Building Council (NHBC) the Cardiff Bay Development Corporation carried out a survey which showed the importance house buyers attach to after sales care. They are developing a customer's charter and code of practice to be launched in the autumn.
650 ## - SUBJECT ADDED ENTRY--TOPICAL TERM
Topical term or geographic name entry element CUSTOMER CARE
650 ## - SUBJECT ADDED ENTRY--TOPICAL TERM
Topical term or geographic name entry element NHBC
650 ## - SUBJECT ADDED ENTRY--TOPICAL TERM
Topical term or geographic name entry element CODES OF PRACTICE
690 ## - LOCAL SUBJECT ADDED ENTRY--TOPICAL TERM (OCLC, RLIN)
Topical term or geographic name as entry element HOUSING
942 ## - ADDED ENTRY ELEMENTS (KOHA)
Suppress in OPAC 0
Holdings
Withdrawn status Lost status Source of classification or shelving scheme Damaged status Not for loan Home library Current library Shelving location Date acquired Total Checkouts Full call number Barcode Date last seen Copy number Price effective from Koha item type
    Dewey Decimal Classification     London London Journal article 11/11/1999   ABS61226 101826-1001 06/08/2019 1 06/08/2019 Journal article